000 01224nam a2200325 i 4500
003 EG-GICUC
005 20260420115248.0
008 260420s1937 fr aaaafr|||| 00| 0 fre d
040 _aEG-GiCUC
_bfre
_cEG-GiCUC
_dEG-GiCUC
_eRda
041 _afre
082 0 4 _221
_a343.5
_bFR . C
092 0 4 _221
099 _aLaw1 10 343.5 FR . C 1937
100 1 _aCosentini, Francesco,
_eAuteur
245 1 0 _aCode pénal international en 1314 articles :
_b dressé sur la base comparative des projets et textes récents de codes pénaux /
_cpar Francesco Cosentini.
264 1 _a $a Paris :
_b Librairie Marchal & Billard,
_c1937.
264 1 _a La Cibourg (Berne) :
_b Institut Américain de Droit et de Législation Comparée,
_c1937.
300 _a253page;
_c 24 cm.
336 _2rda contenu
_a texte
337 _2rda medias
_aOrdinateur
338 _2 transporteur rda
_a Ressource en ligne
546 _aTexte en français
650 1 _aDroit pénal
_2qrmak
650 1 _a Droit pénal international
651 1 _2qrmak
710 _a Institut Américain de Droit et de Législation Comparée
856 4 0 _uhttps://fll.law.cu.edu.eg/fulltext/bks/B10-10339.pdf
905 _a167
942 _2ddc
_cBK
_e21
_n0
999 _c72093
_d72093